Principles of Electronics (Record no. 166609)

MARC details
000 -LEADER
fixed length control field 00433nam a2200169Ia 4500
008 - FIXED-LENGTH DATA ELEMENTS--GENERAL INFORMATION
fixed length control field 230612s9999 xx 000 0 und d
041 ## - LANGUAGE CODE
Language code of text/sound track or separate title eng
082 ## - DEWEY DECIMAL CLASSIFICATION NUMBER
Classification number 621.381 MEH
100 ## - MAIN ENTRY--PERSONAL NAME
Personal name Mehta V.K.
245 ## - TITLE STATEMENT
Title Principles of Electronics
260 ## - PUBLICATION, DISTRIBUTION, ETC. (IMPRINT)
Date of publication, distribution, etc. 1993
Name of publisher, distributor, etc. S. Chand & Co.
300 ## - PHYSICAL DESCRIPTION
Extent 488
Dimensions Ref 135 E (5310)
365 ## - TRADE PRICE
Currency code Rs.
Price amount 70.00
700 ## - ADDED ENTRY--PERSONAL NAME
Personal name Mehta V.K.
906 ## - LOCAL DATA ELEMENT F, LDF (RLIN)
d B:40226-Aug-1993
c ETC
b 10.5
Holdings
Withdrawn status Lost status Damaged status Not for loan Home library Current library Date acquired Vendor Budget Code Cost, normal purchase price Bill number Total Checkouts Full call number Barcode Date last seen Discount Cost, replacement price Bill Date Koha item type Original Barcode
        Cummins College of Engineering for Women Pune Cummins College of Engineering for Women Pune 28/08/1993 Pradeep Book Distributors ETC 59.50 402   621.381 MEH CCEP-BK-2327 12/06/2023 10.5 70.00 26/08/1993 Books 002327